Go! with Basic computer concepts: (Record no. 48994)

MARC details
000 -LEADER
fixed length control field 00974cam a22002898a 4500
001 - CONTROL NUMBER
control field 14774500
003 - CONTROL NUMBER IDENTIFIER
control field OSt
005 - DATE AND TIME OF LATEST TRANSACTION
control field 20170227121028.0
008 - FIXED-LENGTH DATA ELEMENTS--GENERAL INFORMATION
fixed length control field 070319s2007 nju 000 0 eng
010 ## - LIBRARY OF CONGRESS CONTROL NUMBER
LC control number 2007011743
020 ## - INTERNATIONAL STANDARD BOOK NUMBER
International Standard Book Number 9780132327930
040 ## - CATALOGING SOURCE
Original cataloging agency DLC
Transcribing agency DLC
Modifying agency DLC
050 00 - LIBRARY OF CONGRESS CALL NUMBER
Classification number QA76.9.D3
Item number G38 2007
082 00 - DEWEY DECIMAL CLASSIFICATION NUMBER
Classification number 005.75/65
Edition number 22
100 1# - MAIN ENTRY--PERSONAL NAME
Personal name Gaskin, Shelley.
245 10 - TITLE STATEMENT
Title Go! with Basic computer concepts:
Remainder of title Getting started/
Statement of responsibility, etc Shelley Gaskin and Suzanne Marks.
260 ## - PUBLICATION, DISTRIBUTION, ETC. (IMPRINT)
Place of publication, distribution, etc Upper Saddle River, N.J. :
Name of publisher, distributor, etc Pearson Prentice Hall,
Date of publication, distribution, etc 2007.
263 ## - PROJECTED PUBLICATION DATE
Projected publication date 0705
300 ## - PHYSICAL DESCRIPTION
Extent xxix,54p. cm.
Other physical details ill.
Dimensions 29cm
630 00 - SUBJECT ADDED ENTRY--UNIFORM TITLE
Uniform title Microsoft Access.
650 #0 - SUBJECT ADDED ENTRY--TOPICAL TERM
Topical term or geographic name as entry element Database management.
700 1# - ADDED ENTRY--PERSONAL NAME
Personal name Marks, Suzanne.
856 41 - ELECTRONIC LOCATION AND ACCESS
Materials specified Table of contents only
Uniform Resource Identifier <a href="http://www.loc.gov/catdir/toc/ecip0713/2007011743.html">http://www.loc.gov/catdir/toc/ecip0713/2007011743.html</a>
906 ## - LOCAL DATA ELEMENT F, LDF (RLIN)
a 7
b rix
c orignew
d 1
e ecip
f 20
g y-gencatlg
942 ## - ADDED ENTRY ELEMENTS (KOHA)
Source of classification or shelving scheme Library of Congress Classification
Koha item type Book
Holdings
Withdrawn status Lost status Source of classification or shelving scheme Damaged status Not for loan Collection code Home library Current library Shelving location Date acquired Source of acquisition Cost, normal purchase price Total Checkouts Full call number Barcode Date checked out Price effective from Koha item type
    Library of Congress Classification     Non-fiction Bishop Okullu Memorial Library (Limuru Campus) Bishop Okullu Memorial Library (Limuru Campus) General Circulation 27/02/2017 Donation-BFA 2000.00 4 QA76.9.D3 G38 2007 051170 11/01/2021 27/02/2017 Book